000 00451nam a22001457a 4500
008 150113b xxu||||| |||| 00| 0 eng d
020 _a9781466326767
050 _aBR65.A94 Z64
100 _aZiccardi, James M.
_913595
245 _aFundamental St. Augustine
_ba practical guide to The Confessions and The City of God
_cJames M. Ziccardi
260 _c2011
300 _a126p. ;
_c22cm.
600 _aAugustine, St.
_913740
942 _2lcc
_cMONOGRAPH
999 _c121594
_d121594